000 00339 a2200157 4500
001 181607
020 _a
040 _cMagnum
100 _aAzevedo, Alexandre
240 1 0 _aO fantastico mundo da lua
_lpor
245 1 0 _aO fantastico mundo da lua
362 0 _a1899
440 1 _aModerna
697 _aMAGNITO: IJ/GERAL
942 _cBK
999 _c181607
_d181607